000 00357nam a2200157Ia 4500
008 230711s9999||||xx |||||||||||||| ||und||
041 _aENG
082 _a800
_bCO-H
100 _aCovey,Stephen R
245 4 _aThe 8th habit (H)
250 _a1st Ed.
260 _c2004
_aBhopal
_bManjul Publication
300 _a443
650 _aLiterature
942 _cBK
999 _c5270
_d5270